Assessing statutory adjudication (Record no. 68615)

MARC details
000 -LEADER
fixed length control field 01153cam a2200193 4500
001 - CONTROL NUMBER
control field WB3739-15
008 - FIXED-LENGTH DATA ELEMENTS--GENERAL INFORMATION
fixed length control field 011018n2001 000 0 eng u
035 ## - SYSTEM CONTROL NUMBER
System control number (Sirsi) u115199
245 ## - TITLE STATEMENT
Title Assessing statutory adjudication
260 ## - PUBLICATION, DISTRIBUTION, ETC.
Date of publication, distribution, etc. 2001
490 ## - SERIES STATEMENT
Series statement RICS Dispute Resolution News
Volume/sequential designation 11 October 2001, (1)
520 ## - SUMMARY, ETC.
Summary, etc. A number of reports monitoring the adjudication process have recently been issued. These are the third report of the Adjudication Reporting Centre of Glasgow Caledonian University, a survey conducted by Lee Crowther and a construction industry survey. The Adjudication Reporting Centre report looked at trends in adjudication over the last two years including fees which is also covered in the Lee Crowther survey. The final survey found that on the whole those involved were satisfied with adjudication as a means of dispute resolution.
590 ## - LOCAL NOTE (RLIN)
Local note WB
650 ## - SUBJECT ADDED ENTRY--TOPICAL TERM
Topical term or geographic name entry element MANAGEMENT-DISPUTE AVOIDANCE, MANAGEMENT AND RESOLUTION-DISPUTE MANAGEMENT AND RESOLUTION-ALTERNATIVE DISPUTE RESOLUTION-ADJUDICATION
650 ## - SUBJECT ADDED ENTRY--TOPICAL TERM
Topical term or geographic name entry element ALTERNATIVE DISPUTE RESOLUTION
650 ## - SUBJECT ADDED ENTRY--TOPICAL TERM
Topical term or geographic name entry element SURVEYS
690 ## - LOCAL SUBJECT ADDED ENTRY--TOPICAL TERM (OCLC, RLIN)
Topical term or geographic name as entry element Dispute resolution
9 (RLIN) 6236
942 ## - ADDED ENTRY ELEMENTS (KOHA)
Suppress in OPAC 0
Holdings
Withdrawn status Lost status Source of classification or shelving scheme Damaged status Not for loan Home library Current library Shelving location Date acquired Total Checkouts Full call number Barcode Date last seen Copy number Price effective from Koha item type
    Dewey Decimal Classification     London London News article 18/10/2001   WB3739-15 115199-1001 06/08/2019 1 06/08/2019 News article